000 00556nam a2200193Ia 4500
005 20250923145529.0
008 008 250917s9999 xx 000 0 eng d
037 _aTextual
040 _aDSWL
_beng
_cDSWL
041 _aeng
_2eng
084 _aY:5.1'N7t5, N79
_qDSWL
245 0 _aWorld population and development
_c Ed.by P.M.Hauser
260 _aNew York
_b Syracuse University Press
_c1979
300 _axxv,683 p.
365 _aINR
_b73.43
925 _g73.43
942 _cTEXL
_hY:5.1'N7t5, N79
999 _c1452508
_d1452508